Masalah wasiat dan faraid

Bibliographic Details
Main Author: Musa Fathullah Harun
Format: Book
Published: Skudai : Universiti Teknologi Malaysia , 1994
Subjects:

MARC

LEADER 00000cam a2200000 7i4500
001 0000016404
005 20060908.0
020 |a 9839950290 
040 |a INS 
090 0 0 |a BP144   |b MUS 1994 
100 1 |a Musa Fathullah Harun 
245 1 0 |a Masalah wasiat dan faraid   |c Musa Fathullah Harun 
260 |a Skudai :   |b Universiti Teknologi Malaysia ,   |c 1994 
300 |a x,79p ;   |c 22cm. 
650 0 0 |a Testamentary trusts   |x Islam 
650 0 0 |a Wills (Islamic law) 
999 |a 0000016366   |b BOOK   |c Open Shelf   |e Default branch